| 000 | 00600nam a2200169 i 4500 | ||
|---|---|---|---|
| 001 | bg | ||
| 100 | 1 | _aCZYRSKA-FILEMONOWICZ, Aleksandra | |
| 245 | 0 |
_aOddziaływanie helu na strukturę stopów niklu / _cA.Czyrska-Filomonowicz. |
|
| 260 |
_aWrocław, _c1989. |
||
| 490 | 1 |
_aPrace Komisji Metalurgiczno-Odlewniczej / Polska Akademia Nauk. Metalurgia ; _vnr 37 |
|
| 830 | 0 |
_aPrace Komisji Metalurgiczno-Odlewniczej (Polska Akademia Nauk). _pMetalurgia ; _vnr 37 |
|
| 040 | _cBPK | ||
| 041 | _apol | ||
| 080 | _a621.039.4/.6:669.2:546.1/.2 | ||
| 942 | _cKS | ||
| 008 | s pl f |000 0 pol | ||
| 999 |
_c28805 _d28805 |
||
| 856 |
_uhttp://koha.tu.koszalin.pl/cgi-bin/koha/opac-detail.pl?biblionumber=28805 _yKatalog online BPK |
||